| 000 | 00819nam a2200253 a 4500 | ||
|---|---|---|---|
| 005 | 20140310183407.0 | ||
| 008 | 121018s19uu xx 00 eng d | ||
| 020 | _a9781422147634 | ||
| 050 |
_aHD 38.2 _b.W377 2009 |
||
| 100 | _aWatkins, Michael | ||
| 245 |
_aYour next move : _bthe leader's guide to navigating major career transitions / _cMichael D. Watkins. |
||
| 260 |
_aBoston, Mass : _bHarvard Business Press, _c2009. |
||
| 300 |
_axii, 220 p. _bill. ; _c24 cm. |
||
| 500 | _aIncludes index | ||
| 520 | _aLearn to shine in your roles at work, adapt to new roles and make your next move a successful one | ||
| 521 | _aBSBA | ||
| 650 | _aExecutives | ||
| 650 | _aCareer development | ||
| 650 | _aPromotions | ||
| 650 | _aLeadership | ||
| 650 | _aManagement | ||
| 942 |
_cBK _2lcc _kFOR |
||
| 999 |
_c22423 _d22423 |
||